000 00414nam a2200157 i 4500
001 87482
003 ES-MaACL
005 20230906175659.0
007 t|
008 041222q19201929zzz ||||1| eng d
100 1 _aKretschmer, Herman L.
_968818
245 1 0 _aTuberculosis of the kidney /
_cHerman L. Kretschmer.
260 _a[S.l. :
_bs.n.,
_c192-?]
300 _a18 p. ;
_c23 cm.
852 _aES-MaACL
_j1740-F-6
999 _c87482
_d87482